[Event "Schachfestival Basel 2014"]
[Site "Basel"]
[Date "2014.01.02"]
[Round "3.14"]
[White "Curien, Nicolas"]
[Black "Degtiarev, Evgeny"]
[Result "0-1"]
[WhiteElo "2205"]
[BlackElo "2436"]
[PlyCount "110"]
[EventDate "2014.??.??"]
[EventRounds "7"]
[EventCountry "SUI"]
[SourceDate "2014.01.01"]

1. d4 Nf6 2. Bg5 e6 3. Nd2 h6 4. Bh4 d6 5. e4 g5 6. Bg3 Bg7 7. c3 Qe7 8. h4 Nc6
9. hxg5 hxg5 10. Rxh8+ Bxh8 11. Nh3 g4 12. Ng1 Qf8 13. Bh4 Qg8 14. Qb3 Qh7 15.
Bxf6 Bxf6 16. O-O-O Bg5 17. Qc2 Qh2 18. Ne2 Bd7 19. Kb1 O-O-O 20. f3 f5 21. d5
exd5 22. exd5 Ne5 23. Nd4 Rf8 24. c4 Bxd2 25. Rxd2 f4 26. Ne6 Rh8 27. c5 Qg1
28. Rd1 dxc5 29. Nxc5 gxf3 30. Nxd7 Nxd7 31. Rc1 Qb6 32. gxf3 Kb8 33. Qe4 Qd6
34. Qe6 Nb6 35. Rd1 Rd8 36. Qe4 c6 37. Qf5 Nxd5 38. Ka1 Re8 39. a3 Nc3 40. Rc1
Nd5 41. Qf7 Qe7 42. Qh5 Qe5 43. Qg4 Nb6 44. Rb1 Rd8 45. Qg6 a6 46. Qf7 Ka7 47.
Qg6 Rd2 48. Bd3 Qe3 49. Be4 Nc4 50. Qg7 Nxa3 51. Rc1 Rg2 52. Qxg2 Qxc1+ 53. Ka2
Nc4 54. Qg7 Nb6 55. Qd4 Qc4+ 0-1

[Event "Schachfestival Basel 2014"]
[Site "Basel"]
[Date "2014.01.02"]
[Round "3.15"]
[White "Vianin, Pascal"]
[Black "Maier, Christian"]
[Result "1/2-1/2"]
[WhiteElo "2199"]
[BlackElo "2366"]
[PlyCount "151"]
[EventDate "2014.??.??"]
[EventRounds "7"]
[EventCountry "SUI"]
[SourceDate "2014.01.01"]

1. e4 e6 2. Qe2 Nc6 3. Nf3 e5 4. g3 Nf6 5. Bg2 Bc5 6. c3 d6 7. b4 Bb6 8. d3 O-O
9. O-O Re8 10. a4 a6 11. Be3 Ba7 12. Bxa7 Rxa7 13. Na3 d5 14. b5 Na5 15. Rfd1
dxe4 16. dxe4 Qe7 17. Qe3 Ra8 18. c4 Ng4 19. Qc3 Qc5 20. Rf1 axb5 21. axb5 b6
22. Nd2 Be6 23. h3 Nf6 24. Rfc1 Rad8 25. Nc2 Rxd2 26. Qxd2 Nb3 27. Qe3 Nxc1 28.
Rxc1 Nd7 29. Qxc5 Nxc5 30. Nb4 Kf8 31. f4 Nb3 32. Rc3 Nd4 33. Kf2 f6 34. Ke3
Ke7 35. Nd3 Kd6 36. Bf1 Ra8 37. fxe5+ fxe5 38. c5+ bxc5 39. Nxe5 Ra1 40. Nc4+
Ke7 41. Nd2 Re1+ 42. Kf2 Rd1 43. Ke3 Bd7 44. g4 Nxb5 45. Rxc5 c6 46. e5 Nc7 47.
Bg2 Ne6 48. Ra5 Re1+ 49. Kf2 Rc1 50. Be4 Ng5 51. Bg2 Rc3 52. Nf3 Ne4+ 53. Kg1
c5 54. Nh4 Ng5 55. Nf5+ Ke6 56. Ra7 Rd3 57. h4 Nf7 58. Nxg7+ Kxe5 59. Nf5 h5
60. Bf1 Rd2 61. Ne3 Kf4 62. Nc4 Rd4 63. gxh5 Be6 64. Nb2 Kg3 65. Ra3+ Kxh4 66.
Re3 Bf5 67. Bd3 Bxd3 68. Nxd3 c4 69. Nf2 Kxh5 70. Re4 Rxe4 71. Nxe4 Nd6 72.
Nxd6 c3 73. Nf5 c2 74. Ng3+ Kg4 75. Ne2 c1=Q+ 76. Nxc1 1/2-1/2

[Event "Schachfestival Basel 2014"]
[Site "Basel"]
[Date "2014.01.02"]
[Round "3.16"]
[White "Hess, Max"]
[Black "Kern, Johannes"]
[Result "1/2-1/2"]
[WhiteElo "2005"]
[BlackElo "2280"]
[PlyCount "37"]
[EventDate "2014.??.??"]
[EventRounds "7"]
[EventCountry "SUI"]
[SourceDate "2014.01.01"]

1. e4 e6 2. d4 d5 3. Nc3 Bb4 4. Nge2 dxe4 5. a3 Be7 6. g4 h6 7. Bg2 Nf6 8. h3
Nbd7 9. Ng3 c5 10. Ncxe4 Qb6 11. dxc5 Nxc5 12. Be3 Nfxe4 13. Nxe4 Qc7 14. Nxc5
Bxc5 15. Bxc5 Qxc5 16. Qe2 Bd7 17. O-O-O Bc6 18. Bxc6+ Qxc6 19. f4 1/2-1/2

[Event "Schachfestival Basel 2014"]
[Site "Basel"]
[Date "2014.01.02"]
[Round "3.17"]
[White "Stets, Dmitry"]
[Black "Braeunlin, Klaus"]
[Result "0-1"]
[WhiteElo "2410"]
[BlackElo "2132"]
[PlyCount "86"]
[EventDate "2014.??.??"]
[EventRounds "7"]
[EventCountry "SUI"]
[SourceDate "2014.01.01"]

1. e4 c6 2. d4 d5 3. exd5 cxd5 4. c4 Nf6 5. Nc3 e6 6. Nf3 Nc6 7. c5 Ne4 8. Qc2
f5 9. Bb5 Be7 10. O-O O-O 11. Bxc6 bxc6 12. Ne5 Qc7 13. Re1 Bf6 14. Bf4 g5 15.
Bd2 Bxe5 16. dxe5 Qe7 17. b4 Qg7 18. f3 Nxc3 19. Qxc3 Ba6 20. Qd4 Rf7 21. a4
Bc4 22. Ra3 h6 23. Rb1 a6 24. g3 Qg6 25. Re1 Kh7 26. Kg2 Rg8 27. h4 Kg7 28. Rh1
Kf8 29. Rc3 Ke8 30. h5 Qh7 31. Rxc4 dxc4 32. Qxc4 Re7 33. Qxa6 Rc7 34. f4 Qd7
35. Qe2 Qd5+ 36. Kh2 Rd7 37. Be3 Kf7 38. Re1 g4 39. b5 Ra8 40. Qc2 cxb5 41. Ra1
Qd3 42. Qc1 Qe2+ 43. Kg1 Rad8 0-1

[Event "Schachfestival Basel 2014"]
[Site "Basel"]
[Date "2014.01.02"]
[Round "3.18"]
[White "Kurayan, Ruslan"]
[Black "Seidler, Lukas"]
[Result "1-0"]
[WhiteElo "2393"]
[BlackElo "2168"]
[PlyCount "91"]
[EventDate "2014.??.??"]
[EventRounds "7"]
[EventCountry "SUI"]
[SourceDate "2014.01.01"]

1. e4 c5 2. Nf3 d6 3. d4 cxd4 4. Nxd4 Nf6 5. Nc3 a6 6. Be3 Ng4 7. Bg5 h6 8. Bh4
g5 9. Bg3 Bg7 10. Be2 h5 11. Bxg4 hxg4 12. Qd2 Nc6 13. Nf5 Bxf5 14. exf5 Qa5
15. Nd5 Qxd2+ 16. Kxd2 O-O-O 17. Rae1 Rde8 18. c3 Be5 19. Re4 Bxg3 20. fxg3 Ne5
21. Nb6+ Kd8 22. Nc4 Nxc4+ 23. Rxc4 Rh5 24. Rxg4 Reh8 25. h3 R8h6 26. Re1 e6
27. fxe6 fxe6 28. Rf1 Rh7 29. Rf6 Kd7 30. Rg6 Rf7 31. Ke3 Rf1 32. R4xg5 Rxg5
33. Rxg5 Rb1 34. Rg7+ Kc6 35. h4 Rxb2 36. Kf3 Rxa2 37. h5 Ra1 38. g4 a5 39. g5
Rf1+ 40. Kg4 Rf8 41. g6 a4 42. Rf7 Rg8 43. g7 a3 44. h6 a2 45. Rf1 Kd7 46. Kg5
1-0

[Event "Schachfestival Basel 2014"]
[Site "Basel"]
[Date "2014.01.02"]
[Round "3.19"]
[White "Zude, Erik"]
[Black "Wirz, Heinz"]
[Result "1-0"]
[WhiteElo "2363"]
[BlackElo "2140"]
[PlyCount "95"]
[EventDate "2014.??.??"]
[EventRounds "7"]
[EventCountry "SUI"]
[SourceDate "2014.01.01"]

1. d4 c5 2. d5 d6 3. e4 e5 4. Nc3 Be7 5. Nf3 Bg4 6. a4 Bxf3 7. Qxf3 Bg5 8. Bb5+
Kf8 9. Bxg5 Qxg5 10. h4 Qe7 11. Nd1 g6 12. h5 Kg7 13. Ne3 a6 14. Be2 Nd7 15.
Ng4 Ngf6 16. h6+ Kf8 17. Ne3 Ne8 18. a5 Qf6 19. Qh3 Ke7 20. g3 Kd8 21. Bg4 Qe7
22. Bxd7 Qxd7 23. Qxd7+ Kxd7 24. Nc4 Rb8 25. Ra3 Nc7 26. f4 exf4 27. gxf4 Rhe8
28. Re3 f6 29. Kf2 Na8 30. e5 fxe5 31. fxe5 dxe5 32. Nxe5+ Kd6 33. Rhe1 Rf8+
34. Kg3 Nc7 35. c4 Rf5 36. Nf3 b5 37. axb6 Rxb6 38. b3 a5 39. Ra1 Rh5 40. Rxa5
Nxd5 41. Rd3 Kc6 42. cxd5+ Rxd5 43. Rxd5 Kxd5 44. Ra7 Rxb3 45. Rxh7 Ke4 46.
Re7+ Kf5 47. Rf7+ Ke6 48. Rf8 1-0

[Event "Schachfestival Basel 2014"]
[Site "Basel"]
[Date "2014.01.02"]
[Round "3.20"]
[White "Haener, Philippe"]
[Black "Lerch, Patrice"]
[Result "0-1"]
[WhiteElo "2169"]
[BlackElo "2363"]
[PlyCount "64"]
[EventDate "2014.??.??"]
[EventRounds "7"]
[EventCountry "SUI"]
[SourceDate "2014.01.01"]

1. d4 Nf6 2. c4 e6 3. g3 d5 4. Nf3 Be7 5. Bg2 O-O 6. O-O dxc4 7. Qc2 a6 8. Qxc4
b5 9. Qc2 Bb7 10. Bd2 Be4 11. Qc1 b4 12. Bf4 Nd5 13. Nbd2 Nxf4 14. gxf4 Bd5 15.
e3 Nd7 16. Nb3 c5 17. Nxc5 Nxc5 18. dxc5 Rc8 19. Rd1 Rxc5 20. Qd2 Qa8 21. Ne1
Bxg2 22. Nxg2 Qf3 23. Qd7 Bf6 24. Rac1 Rh5 25. Rc8 g6 26. Rdc1 Rd5 27. Qa4 a5
28. Qc2 Rxc8 29. Qxc8+ Kg7 30. Qc2 Rh5 31. Ne1 Qg4+ 32. Kh1 Qh3 0-1

[Event "Schachfestival Basel 2014"]
[Site "Basel"]
[Date "2014.01.02"]
[Round "3.21"]
[White "Toth, Bela"]
[Black "Stahl, Clement"]
[Result "1-0"]
[WhiteElo "2358"]
[BlackElo "2127"]
[PlyCount "107"]
[EventDate "2014.??.??"]
[EventRounds "7"]
[EventCountry "SUI"]
[SourceDate "2014.01.01"]

1. d4 d5 2. c4 c6 3. Nf3 Nf6 4. e3 e6 5. Bd3 dxc4 6. Bxc4 b5 7. Bd3 Bb7 8. O-O
Nbd7 9. e4 a6 10. e5 Nd5 11. Bg5 Qb6 12. Nc3 c5 13. Ne4 cxd4 14. Rc1 h6 15. Bd2
Be7 16. Qe2 O-O 17. Bb1 Rfd8 18. Rfe1 Nf8 19. Ng3 Rac8 20. Nh5 Nb4 21. Rxc8
Rxc8 22. Nf4 Rd8 23. Nd3 Nxd3 24. Qxd3 Bd5 25. Rc1 Qb7 26. Ne1 Kh8 27. Qg3 Be4
28. Nd3 Ng6 29. Re1 Bh4 30. Qg4 Bf5 31. Qe2 Qb6 32. g3 Be7 33. h4 Nf8 34. Qf3
Kg8 35. Rc1 Rd7 36. Qc6 Qxc6 37. Rxc6 Rd5 38. f4 Nd7 39. Rxa6 Nc5 40. Ra8+ Rd8
41. Rxd8+ Bxd8 42. Nxc5 Bxb1 43. a3 Bb6 44. Bb4 Bxc5 45. Bxc5 f6 46. Bxd4 fxe5
47. Bxe5 g6 48. Kf2 Be4 49. Ke3 Bc6 50. Kd4 Kf7 51. Kc5 Bd7 52. Kd6 Ke8 53. Kc7
h5 54. Bd6 1-0

[Event "Schachfestival Basel 2014"]
[Site "Basel"]
[Date "2014.01.02"]
[Round "3.22"]
[White "Orizondo, Hugo"]
[Black "Reinhart, Emmanuel"]
[Result "0-1"]
[WhiteElo "2140"]
[BlackElo "2343"]
[PlyCount "94"]
[EventDate "2014.??.??"]
[EventRounds "7"]
[EventCountry "SUI"]
[SourceDate "2014.01.01"]

1. d4 c6 2. c4 d5 3. Nc3 Nf6 4. cxd5 cxd5 5. Bf4 Nc6 6. e3 Bf5 7. Qb3 Na5 8.
Bb5+ Bd7 9. Qa4 Nc6 10. Nf3 e6 11. Ne5 Qb6 12. O-O Nh5 13. Nxd7 Kxd7 14. Be5 f6
15. e4 fxe5 16. dxe5 d4 17. Nd5 exd5 18. exd5 Nf4 19. dxc6+ bxc6 20. Bxc6+ Qxc6
21. Qxd4+ Nd5 22. Rac1 Qb7 23. Rfd1 Ke6 24. Qg4+ Ke7 25. Rc5 Nb6 26. Rdc1 Ke8
27. Qe6+ Qe7 28. Qg4 Rd8 29. Rc7 Qxe5 30. R7c2 Be7 31. Re2 Qf6 32. Rce1 Rd7 33.
a4 h5 34. Qg3 Rf8 35. a5 Nd5 36. Qb8+ Kf7 37. Qb3 Kg8 38. f3 Qf7 39. Qb5 Bf6
40. Re4 Re7 41. Rxe7 Bxe7 42. Kh1 Bf6 43. Qc4 Rd8 44. b3 Ne3 45. Qb5 Qd5 46.
Qxd5+ Rxd5 47. b4 Bc3 0-1

[Event "Schachfestival Basel 2014"]
[Site "Basel"]
[Date "2014.01.02"]
[Round "3.23"]
[White "Bogdanovich, Grigory"]
[Black "Tueckmantel, Rene"]
[Result "1-0"]
[WhiteElo "2341"]
[BlackElo "2122"]
[PlyCount "107"]
[EventDate "2014.??.??"]
[EventRounds "7"]
[EventCountry "SUI"]
[SourceDate "2014.01.01"]

1. d4 Nf6 2. Nf3 e6 3. e3 c5 4. Bd3 cxd4 5. exd4 b6 6. O-O Bb7 7. Bg5 Be7 8.
Re1 O-O 9. Nbd2 d6 10. Nc4 Nbd7 11. Bf4 Qc7 12. a4 Rfe8 13. h3 Nf8 14. Bh2 Rac8
15. Nfd2 Ng6 16. Ne3 Nd5 17. Nxd5 Bxd5 18. c4 Bb7 19. b4 Qd7 20. a5 d5 21. c5
bxc5 22. bxc5 Bf6 23. Nf3 Bd8 24. Qd2 f6 25. Qc2 Nf8 26. Bd6 Be7 27. Bg3 Bd8
28. Reb1 Bc6 29. Bd6 g6 30. a6 Bc7 31. Rb7 Bxb7 32. axb7 Bxd6 33. bxc8=Q Rxc8
34. Qa4 Bb8 35. Bb5 Qc7 36. Rb1 Qf4 37. Qa2 g5 38. Re1 g4 39. hxg4 Qxg4 40. Ba6
Re8 41. Bd3 Re7 42. Kf1 Rg7 43. Ke2 Ng6 44. Bxg6 Qxg6 45. Qb1 Qe8 46. Kf1 Bc7
47. Qd3 Qh5 48. Rxe6 Qh1+ 49. Ke2 Qxg2 50. Qe3 Rf7 51. Re8+ Kg7 52. Qe6 Bg3 53.
Qg4+ Kh6 54. Qxg3 1-0

[Event "Schachfestival Basel 2014"]
[Site "Basel"]
[Date "2014.01.02"]
[Round "3.24"]
[White "Beyer, Felix"]
[Black "Vulevic, Vjekoslav"]
[Result "0-1"]
[WhiteElo "2136"]
[BlackElo "2341"]
[PlyCount "80"]
[EventDate "2014.??.??"]
[EventRounds "7"]
[EventCountry "SUI"]
[SourceDate "2014.01.01"]

1. b3 Nf6 2. Bb2 g6 3. e3 Bg7 4. f4 O-O 5. Nf3 d6 6. Bd3 Nc6 7. a3 a6 8. O-O e5
9. fxe5 Ng4 10. Nc3 Ngxe5 11. Be2 b5 12. Nxe5 Nxe5 13. d4 Nd7 14. Bf3 Rb8 15.
Bc6 Rb6 16. Qf3 Nb8 17. Be4 c6 18. d5 c5 19. Nd1 Bxb2 20. Nxb2 f5 21. Bd3 Qf6
22. Rab1 Nd7 23. Qe2 Ne5 24. c4 Bd7 25. Nd1 Rfb8 26. Nf2 bxc4 27. bxc4 Nxc4 28.
Rxb6 Nxb6 29. Bxa6 Na4 30. Qd3 Qe5 31. Nh3 Nb2 32. Qd2 Rb3 33. Rb1 c4 34. Nf4
c3 35. Qe2 Rxa3 36. Nd3 Qe4 37. Rxb2 cxb2 38. Nxb2 Rxa6 39. Qxa6 Qxe3+ 40. Kf1
Qc1+ 0-1

[Event "Schachfestival Basel 2014"]
[Site "Basel"]
[Date "2014.01.02"]
[Round "3.25"]
[White "Ben Arzi, Ido"]
[Black "Arounopoulos, Stephan"]
[Result "1-0"]
[WhiteElo "2341"]
[BlackElo "2112"]
[PlyCount "65"]
[EventDate "2014.??.??"]
[EventRounds "7"]
[EventCountry "SUI"]
[SourceDate "2014.01.01"]

1. d4 Nf6 2. c4 g6 3. Nc3 Bg7 4. e4 d6 5. f3 O-O 6. Be3 c5 7. dxc5 dxc5 8. Qxd8
Rxd8 9. Bxc5 Nc6 10. Nge2 Nd7 11. Bf2 Nde5 12. Nf4 b6 13. Nfd5 e6 14. Nc7 Rb8
15. Bh4 Nd3+ 16. Bxd3 Rxd3 17. Bg3 Rxc3 18. bxc3 Bxc3+ 19. Kf2 Bd4+ 20. Ke2
Bxa1 21. Rxa1 Bb7 22. Nxe6 fxe6 23. Bxb8 Nxb8 24. Rd1 Nc6 25. Ke3 Ba6 26. Rd6
Na5 27. Kd4 e5+ 28. Kd5 Kf7 29. c5 Bc4+ 30. Kxe5 bxc5 31. Rd7+ Ke8 32. Kd6 Bxa2
33. Rxa7 1-0

[Event "Schachfestival Basel 2014"]
[Site "Basel"]
[Date "2014.01.02"]
[Round "3.26"]
[White "Berset, Philippe"]
[Black "Faibisovich, Vadim Z"]
[Result "0-1"]
[WhiteElo "2109"]
[BlackElo "2337"]
[PlyCount "120"]
[EventDate "2014.??.??"]
[EventRounds "7"]
[EventCountry "SUI"]
[SourceDate "2014.01.01"]

1. e4 c5 2. Nf3 Nc6 3. Bb5 g6 4. Bxc6 dxc6 5. d3 Bg7 6. h3 e5 7. Nc3 Ne7 8. Be3
b6 9. Qd2 h6 10. O-O Be6 11. a3 Qd7 12. Na4 Rd8 13. Qc3 Qc7 14. b4 cxb4 15.
axb4 O-O 16. Nb2 f5 17. Nc4 fxe4 18. dxe4 Nd5 19. Qa3 Nf4 20. Ncd2 Rd7 21. Rfe1
g5 22. Nh2 Rdf7 23. Ndf1 Qc8 24. Ng3 Kh7 25. Qa6 Qd7 26. Rad1 Qe7 27. Qa4 Qc7
28. Rd2 Rd7 29. Red1 Rfd8 30. Qa1 Kg6 31. Qc3 h5 32. Rxd7 Rxd7 33. Rxd7 Qxd7
34. Qd2 Qxd2 35. Bxd2 h4 36. Ngf1 Ne2+ 37. Kh1 Nd4 38. Ne3 b5 39. Nhg4 Ba2 40.
Kg1 Bb1 41. f3 Bxc2 42. Nxc2 Nxc2 43. Nf2 Bf8 44. Nd3 Bd6 45. Kf2 Nd4 46. g3
hxg3+ 47. Kxg3 Kh5 48. Be3 Ne2+ 49. Kh2 Nf4 50. Bc5 Bxc5 51. Nxc5 Kh4 52. Nd7
Nd3 53. Kg2 Nxb4 54. Nxe5 a5 55. Nd7 a4 56. e5 a3 57. Nc5 a2 58. Nb3 Nd3 59. f4
Nxf4+ 60. Kf3 Ne6 0-1

[Event "Schachfestival Basel 2014"]
[Site "Basel"]
[Date "2014.01.02"]
[Round "3.27"]
[White "Bartel, Marta"]
[Black "Heinis, Vincent"]
[Result "1-0"]
[WhiteElo "2306"]
[BlackElo "2111"]
[PlyCount "93"]
[EventDate "2014.??.??"]
[EventRounds "7"]
[EventCountry "SUI"]
[SourceDate "2014.01.01"]

1. d4 Nf6 2. Nf3 e6 3. c4 c5 4. d5 exd5 5. cxd5 d6 6. Nc3 g6 7. Bf4 a6 8. a4
Bg7 9. h3 O-O 10. e3 Re8 11. Bd3 b5 12. axb5 Bb7 13. Be2 Ne4 14. Nxe4 Rxe4 15.
Rb1 axb5 16. O-O Rb4 17. b3 Na6 18. Ne1 Nc7 19. Bf3 Rxf4 20. exf4 b4 21. Nc2
Nb5 22. Qd2 Ra2 23. Qc1 Nc3 24. Ra1 Rxa1 25. Nxa1 Bxd5 26. Qe3 Be6 27. Re1 Bd4
28. Qd2 Nb5 29. Qd3 Qb6 30. Rf1 d5 31. Nc2 c4 32. bxc4 dxc4 33. Qe4 b3 34. Nxd4
Nxd4 35. Ra1 Nxf3+ 36. Qxf3 Qd4 37. Rd1 Bd5 38. Rxd4 Bxf3 39. Rxc4 Bd5 40. Rb4
Kf8 41. Rd4 Be6 42. f3 f5 43. Kf2 Kf7 44. g4 h6 45. Rb4 Kf6 46. Rb6 Ke7 47. Ke3
1-0

[Event "Schachfestival Basel 2014"]
[Site "Basel"]
[Date "2014.01.02"]
[Round "3.28"]
[White "Maisuradze, Nino"]
[Black "Heer, Stephan"]
[Result "1-0"]
[WhiteElo "2279"]
[BlackElo "2106"]
[PlyCount "75"]
[EventDate "2014.??.??"]
[EventRounds "7"]
[EventCountry "SUI"]
[SourceDate "2014.01.01"]

1. d4 Nf6 2. c4 e6 3. Nf3 c5 4. d5 exd5 5. cxd5 d6 6. Nc3 g6 7. Nd2 Bg7 8. Nc4
a6 9. a4 O-O 10. Bg5 Re8 11. Qd2 Nbd7 12. Nxd6 Re7 13. Nc4 Nb6 14. e3 h6 15.
Bh4 g5 16. Nxb6 Qxb6 17. a5 Qd8 18. Bg3 Ne4 19. Nxe4 Rxe4 20. Ra3 b5 21. Bd3
Rb4 22. b3 f5 23. O-O Qf8 24. f3 c4 25. Bc2 c3 26. Qd3 Rd4 27. exd4 Qxa3 28.
Qxc3 Bb7 29. d6 f4 30. Qc7 fxg3 31. Qxb7 gxh2+ 32. Kh1 Rd8 33. Qxa6 Qxd6 34.
Qxb5 Bxd4 35. Rd1 Qf6 36. Be4 Qg7 37. a6 Rd7 38. a7 1-0

[Event "Schachfestival Basel 2014"]
[Site "Basel"]
[Date "2014.01.02"]
[Round "3.29"]
[White "Stoeri, Laura"]
[Black "Maeurer, Christoph"]
[Result "1/2-1/2"]
[WhiteElo "2103"]
[BlackElo "2277"]
[PlyCount "86"]
[EventDate "2014.??.??"]
[EventRounds "7"]
[EventCountry "SUI"]
[SourceDate "2014.01.01"]

1. e4 e6 2. d4 d5 3. Nd2 Nf6 4. e5 Nfd7 5. c3 c5 6. Bd3 b6 7. Ne2 Ba6 8. Bxa6
Nxa6 9. O-O Nc7 10. f4 f5 11. exf6 Nxf6 12. Ng3 cxd4 13. cxd4 Bd6 14. Nf3 O-O
15. Qe2 Qd7 16. Bd2 Rfe8 17. a4 Qc8 18. b4 Qb7 19. Ne5 b5 20. a5 Na6 21. Nd3
Rac8 22. Nc5 Bxc5 23. dxc5 Nb8 24. Bc3 a6 25. Bxf6 gxf6 26. Nh5 Qf7 27. Ra3 Kh8
28. Rh3 Nc6 29. Qb2 d4 30. Qb1 Rc7 31. Ng3 f5 32. Ne2 Qf6 33. Rd1 e5 34. fxe5
Qxe5 35. Nc1 Rg7 36. Nd3 Qe2 37. Nf4 Qe4 38. Rf1 Ne5 39. Qb2 d3 40. Nh5 Rg6 41.
Nf4 Rg7 42. Nh5 Rg6 43. Nf4 Rg7 1/2-1/2

[Event "Schachfestival Basel 2014"]
[Site "Basel"]
[Date "2014.01.02"]
[Round "3.30"]
[White "Strauss, Juergen"]
[Black "Yankelevich, Lev"]
[Result "0-1"]
[WhiteElo "2101"]
[BlackElo "2250"]
[PlyCount "64"]
[EventDate "2014.??.??"]
[EventRounds "7"]
[EventCountry "SUI"]
[SourceDate "2014.01.01"]

1. e4 c5 2. Nf3 d6 3. Bb5+ Bd7 4. Bxd7+ Qxd7 5. d3 Nc6 6. c3 Nf6 7. O-O e6 8.
Bg5 Be7 9. Re1 h6 10. Bh4 O-O 11. Nbd2 Rac8 12. Nf1 Rfd8 13. Qd2 b5 14. d4 cxd4
15. Nxd4 d5 16. Nxc6 Qxc6 17. Bxf6 Bxf6 18. e5 Be7 19. Ne3 a5 20. a3 b4 21.
axb4 axb4 22. Rec1 bxc3 23. bxc3 Bc5 24. Qe2 Qc7 25. f4 Qb6 26. Kf2 d4 27. cxd4
Rxd4 28. Kg3 Re4 29. Rab1 Qxb1 30. Rxb1 Rxe3+ 31. Qxe3 Bxe3 32. Rb3 Bd2 0-1

[Event "Schachfestival Basel 2014"]
[Site "Basel"]
[Date "2014.01.02"]
[Round "3.31"]
[White "Andersen, Alf Roger"]
[Black "Boesch, Udo"]
[Result "1-0"]
[WhiteElo "2232"]
[BlackElo "2081"]
[PlyCount "129"]
[EventDate "2014.??.??"]
[EventRounds "7"]
[EventCountry "SUI"]
[SourceDate "2014.01.01"]

1. e4 c5 2. Nf3 d6 3. d4 cxd4 4. Nxd4 Nf6 5. f3 a6 6. c4 e6 7. Nc3 Be7 8. Be3
Bd7 9. Bd3 Nc6 10. Nc2 Qc7 11. Rc1 Ne5 12. Nd4 Nxd3+ 13. Qxd3 O-O 14. O-O Rac8
15. b3 Rfd8 16. Rfd1 Qa5 17. Kh1 Be8 18. Bd2 Qh5 19. Nde2 g5 20. Ng3 Qg6 21.
Qe3 Nh5 22. Nxh5 Qxh5 23. Ne2 Bc6 24. Bc3 f6 25. Nd4 Qf7 26. Rd3 b5 27. Ba5 Re8
28. Nxc6 Rxc6 29. cxb5 Rxc1+ 30. Qxc1 axb5 31. Qc6 Rb8 32. Qd7 Bf8 33. Qxf7+
Kxf7 34. Rc3 Rb7 35. Rc7+ Rxc7 36. Bxc7 Ke7 37. a4 bxa4 38. bxa4 Kd7 39. Ba5
Be7 40. Kg1 Kc6 41. Bb4 Bd8 42. Kf2 Bb6+ 43. Ke2 Bd8 44. g4 Be7 45. Kd3 Kb6 46.
Kc4 Ka6 47. Be1 Bd8 48. Bg3 Be7 49. h4 h6 50. h5 Ka5 51. Kb3 Ka6 52. f4 gxf4
53. Bxf4 Bf8 54. Bd2 Kb6 55. Kc4 Ka6 56. Bc3 Be7 57. a5 Bf8 58. Bd2 Bg7 59. Kb4
Bf8 60. Ka4 d5 61. exd5 exd5 62. Be3 d4 63. Bxd4 Bd6 64. Bxf6 Bf4 65. g5 1-0

[Event "Schachfestival Basel 2014"]
[Site "Basel"]
[Date "2014.01.02"]
[Round "3.32"]
[White "Ernst, Rolf"]
[Black "Zenker, Ulrich"]
[Result "0-1"]
[WhiteElo "2068"]
[BlackElo "2217"]
[PlyCount "136"]
[EventDate "2014.??.??"]
[EventRounds "7"]
[EventCountry "SUI"]
[SourceDate "2014.01.01"]

1. d4 d5 2. c4 e6 3. Nc3 f5 4. e3 Nf6 5. Nf3 Bd6 6. Be2 O-O 7. O-O c6 8. b3 b6
9. Bb2 Bb7 10. Ne5 Bxe5 11. dxe5 Nfd7 12. f4 Qe7 13. Rc1 a5 14. a3 Na6 15. Qc2
Ndc5 16. Rcd1 Rac8 17. Rd4 Ne4 18. Nxe4 fxe4 19. Rd2 Nc5 20. b4 axb4 21. axb4
Na6 22. Ba3 Nc7 23. Qb3 Rcd8 24. Rfd1 Rf7 25. c5 b5 26. Bb2 g5 27. g3 Ne8 28.
Rf1 Ng7 29. Bd4 Bc8 30. Ra2 Nf5 31. Qd1 Kh8 32. Bh5 Rg7 33. Bg4 Nh6 34. fxg5
Qxg5 35. Bh3 Rf7 36. Rf4 Rdf8 37. Kh1 Nf5 38. Bxf5 Rxf5 39. Kg2 Bd7 40. Raf2
Be8 41. Qf1 Bh5 42. Rxf5 exf5 43. e6+ Kg8 44. Rf4 Bf3+ 45. Kf2 Ra8 46. Qb1 Qh6
47. h4 Qxe6 48. Qb2 Kf7 49. Qd2 Qg6 50. Bc3 Rg8 51. g4 Bxg4 52. Qa2 Re8 53. Ke1
Bf3 54. Qf2 Ke6 55. Kd2 Rg8 56. Kc1 Qf7 57. Rxf3 exf3 58. Qxf3 Rg4 59. Kb2 Qg6
60. Kb3 Re4 61. Qf2 Qg4 62. Qh2 f4 63. exf4 Qd1+ 64. Ka3 Qc1+ 65. Kb3 Qxf4 66.
Qh3+ Qg4 67. Qh2 Rf4 68. Qa2 Qd1+ 0-1

[Event "Schachfestival Basel 2014"]
[Site "Basel"]
[Date "2014.01.02"]
[Round "3.33"]
[White "Hagesaether, Ellen"]
[Black "Wimmer, Olivier"]
[Result "1-0"]
[WhiteElo "2216"]
[BlackElo "2023"]
[PlyCount "83"]
[EventDate "2014.??.??"]
[EventRounds "7"]
[EventCountry "SUI"]
[SourceDate "2014.01.01"]

1. e4 d6 2. d4 Nf6 3. Nc3 Nbd7 4. Nf3 e5 5. Bc4 Be7 6. O-O O-O 7. h3 c6 8. dxe5
dxe5 9. a4 Qc7 10. Qe2 Nc5 11. Rd1 Be6 12. b4 Bxc4 13. Qxc4 Ne6 14. Be3 b6 15.
b5 c5 16. Nd5 Nxd5 17. exd5 Nd4 18. Nxd4 exd4 19. Bxd4 Qf4 20. g3 Qf5 21. Bb2
Qxh3 22. d6 Bg5 23. Ra3 Qe6 24. Qd5 h6 25. a5 Rfd8 26. axb6 Qxd5 27. Rxd5 axb6
28. Ra6 Rxa6 29. bxa6 Ra8 30. d7 Bd8 31. Re5 f6 32. Re8+ Kf7 33. c4 g5 34. Kg2
h5 35. Kf3 Kg6 36. Ke4 h4 37. gxh4 gxh4 38. Bc1 h3 39. Bf4 Kf7 40. Kd5 Rxa6 41.
Rxd8 Ke7 42. Kc6 1-0

[Event "Schachfestival Basel 2014"]
[Site "Basel"]
[Date "2014.01.02"]
[Round "3.34"]
[White "Viaggi, Stefano"]
[Black "Bhend, Edwin"]
[Result "0-1"]
[WhiteElo "2033"]
[BlackElo "2211"]
[PlyCount "114"]
[EventDate "2014.??.??"]
[EventRounds "7"]
[EventCountry "SUI"]
[SourceDate "2014.01.01"]

1. d4 d5 2. Bf4 Nf6 3. e3 e6 4. Bd3 c5 5. c3 Nc6 6. Nf3 Be7 7. Nbd2 b6 8. Ne5
Nxe5 9. dxe5 Nd7 10. Bg3 Bb7 11. O-O O-O 12. Qh5 g6 13. Qh3 Re8 14. f4 f5 15.
Nf3 Qc8 16. Bh4 Ba6 17. Bxa6 Qxa6 18. Ng5 Nf8 19. g4 Qe2 20. gxf5 exf5 21. Qf3
Qxf3 22. Nxf3 Bxh4 23. Nxh4 Rad8 24. Rad1 Rd7 25. Rd2 Red8 26. Rfd1 Kf7 27. Nf3
Ke7 28. Kf2 Ne6 29. h4 h6 30. Kg3 Kf7 31. Kf2 b5 32. b4 c4 33. a4 a5 34. bxa5
bxa4 35. Nd4 Ra8 36. Nb5 Rxa5 37. Nd6+ Kf8 38. Nxc4 Ra6 39. Na3 Rc7 40. Rxd5
Rxc3 41. R1d3 Rxd3 42. Rxd3 Nc5 43. Rd5 Ne4+ 44. Ke1 Ke7 45. Rd4 g5 46. hxg5
hxg5 47. Kf1 g4 48. Kg2 Kf7 49. Rc4 Kg6 50. Rd4 Kh5 51. Rd8 Rb6 52. Rh8+ Kg6
53. Ra8 Rb2+ 54. Kg1 Nd2 55. Ra6+ Kh5 56. Kh2 Nc4+ 57. Kg3 Nxe3 0-1

[Event "Schachfestival Basel 2014"]
[Site "Basel"]
[Date "2014.01.02"]
[Round "3.35"]
[White "Schaack, Harry"]
[Black "Kamber, Adrian"]
[Result "1-0"]
[WhiteElo "2211"]
[BlackElo "1997"]
[PlyCount "41"]
[EventDate "2014.??.??"]
[EventRounds "7"]
[EventCountry "SUI"]
[SourceDate "2014.01.01"]

1. e4 c5 2. Nf3 a6 3. c4 Nc6 4. d4 cxd4 5. Nxd4 Qb6 6. Nb3 e6 7. Be3 Qc7 8. Be2
Nf6 9. N1d2 Bb4 10. O-O Na5 11. f4 Nxb3 12. Nxb3 Nxe4 13. Qd4 Nf6 14. c5 Nd5
15. Qxg7 Nxe3 16. Qxh8+ Ke7 17. f5 Bxc5 18. f6+ Kd6 19. Qf8+ Kd5 20. Bf3+ Kc4
21. Rac1+ 1-0

[Event "Schachfestival Basel 2014"]
[Site "Basel"]
[Date "2014.01.02"]
[Round "3.36"]
[White "Weidt, Frank"]
[Black "Cremer, Kevin"]
[Result "1-0"]
[WhiteElo "1938"]
[BlackElo "2177"]
[PlyCount "41"]
[EventDate "2014.??.??"]
[EventRounds "7"]
[EventCountry "SUI"]
[SourceDate "2014.01.01"]

1. d4 e6 2. e4 d5 3. Nc3 Nf6 4. Bg5 Bb4 5. exd5 Qxd5 6. Bxf6 Bxc3+ 7. bxc3 gxf6
8. Qf3 Qa5 9. Bc4 Nc6 10. Ne2 Qg5 11. h4 Qg7 12. Ng3 f5 13. Rb1 Na5 14. Bb5+ c6
15. Be2 Bd7 16. Nh5 Qg6 17. c4 b6 18. Rh3 f4 19. Qxf4 Qxc2 20. Rc1 Qf5 21. Ng7+
1-0